000 00452nam a2200193Ia 4500
008 151119s9999||||xx |||||||||||||| ||und||
082 _a--
082 _bGKKV5403
100 _aARORA BOOK COMPANY
245 _aTHE THREE LITFLE PICS
260 _a--
260 _b--
260 _c0
600 _aARORA BOOK COMPANY
630 _aTHE THREE LITFLE PICS
700 _aARORA BOOK COMPANY
730 _aTHE THREE LITFLE PICS
942 _cBOOK
999 _c1060449
_d1060446